[Event "Stuttgart-chB int"]
[Site "Ditzingen"]
[Date "2014.05.31"]
[Round "6"]
[White "Koeller, Horst"]
[Black "Thakkar, Amish"]
[Result "0-1"]
[WhiteElo "1718"]
[BlackElo "1585"]
[PlyCount "122"]
[EventDate "2014.05.29"]
[EventType "swiss"]
[EventRounds "7"]
[EventCountry "GER"]
[SourceTitle "EXT 2015"]
[Source "ChessBase"]
[SourceDate "2014.11.20"]
[SourceVersion "1"]
[SourceVersionDate "2014.11.20"]
[SourceQuality "1"]

1. d4 Nf6 2. e3 g6 3. Be2 Bg7 4. h4 d6 5. h5 Nxh5 6. Bxh5 gxh5 7. Rxh5 Nd7 8. Nc3 Nf6 9. Rh1 Rg8 10. Nge2 Bf5 11. b3 Qd7 12. Bb2 0-0-0 13. Qd2 e6 14. 0-0-0 Bh8 15. Rdg1 Qc6 16. f3 d5 17. g4 Bg6 18. Nf4 Bg7 19. g5 Ne8 20. Nxg6 hxg6 21. f4 Nd6 22. Rh7 Nf5 23. Qf2 Rh8 24. Rgh1 Rxh7 25. Rxh7 Rh8 26. Rxh8+ Bxh8 27. Kb1 Bg7 28. Nd1 Qe8 29. Qh2 Qh8 30. Qxh8+ Bxh8 31. Ba3 Kd7 32. Kc1 Kc6 33. Kd2 b5 34. Bc5 a6 35. b4 Ng3 36. Nf2 Ne4+ 37. Nxe4 dxe4 38. Bf8 Kd5 39. Kc3 f6 40. Be7 fxg5 41. fxg5 e5 42. dxe5 Bxe5+ 43. Kb3 Bg3 44. a4 c6 45. axb5 axb5 46. Kc3 Be5+ 47. Kb3 Ke6 48. Bf8 Bg3 49. Kc3 Kd5 50. Be7 Be1+ 51. Kb3 Ke6 52. Bf6 Kf5 53. c4 Bd2 54. cxb5 cxb5 55. Be7 Bxe3 56. Kc3 Bxg5 57. Bd6 Bf6+ 58. Kd2 Bd4 59. Bc5 Bxc5 60. Ke2 Bxb4 61. Kf1 Kf4 0-1

[Event "Stuttgart-chB int"]
[Site "Ditzingen"]
[Date "2014.05.30"]
[Round "5"]
[White "Thakkar, Amish"]
[Black "Weisensel, Wolfgang"]
[Result "1-0"]
[WhiteElo "1585"]
[BlackElo "1685"]
[PlyCount "63"]
[EventDate "2014.05.29"]
[EventType "swiss"]
[EventRounds "7"]
[EventCountry "GER"]
[SourceTitle "EXT 2015"]
[Source "ChessBase"]
[SourceDate "2014.11.20"]
[SourceVersion "1"]
[SourceVersionDate "2014.11.20"]
[SourceQuality "1"]

1. e4 d5 2. exd5 Qxd5 3. Nc3 Qa5 4. Nf3 Bg4 5. d4 c6 6. Bc4 e6 7. 0-0 Nf6 8. Bd2 Qc7 9. Re1 Be7 10. Ne4 Nbd7 11. h3 Bxf3 12. Qxf3 Nxe4 13. Rxe4 Nf6 14. Re2 0-0 15. Bg5 Rfe8 16. Rae1 Rad8 17. c3 Nd5 18. Bxe7 Nxe7 19. Bd3 Nd5 20. Re4 Nf6 21. Rh4 Qe7 22. Bxh7+ Nxh7 23. Qh5 Qf6 24. Qxh7+ Kf8 25. Rg4 Qh6 26. Qxh6 gxh6 27. Re3 f5 28. Rg6 h5 29. Rgxe6 Rxe6 30. Rxe6 Rd5 31. Re5 Rd6 32. Rxf5+ 1-0